| 000 | 00507nam a2200193 a 4500 | ||
|---|---|---|---|
| 001 | BRCA_4287 | ||
| 005 | 20190320204620.0 | ||
| 008 | 230610s1917----nyua######---#000-0#eng-# | ||
| 041 | _aeng | ||
| 044 | _anyu | ||
| 050 | 4 |
_aHE6230 _b.S36 1917 |
|
| 245 | 1 | 0 | _aScott´s Standard Postage Stamp Catalogue. |
| 260 |
_aNueva York _bScott Stamp & Coin Co., Ltd. _c1917 |
||
| 300 |
_a1122 p. _bil. _c16 cm. |
||
| 500 | _aCEF83 | ||
| 650 | 1 | 4 |
_aSellos de correo _vCatálogos _911036 |
| 902 | _aGFM | ||
| 942 |
_2lcc _cB |
||
| 999 |
_c3998 _d3998 |
||